| 000 | 01998nam a22002657a 4500 | ||
|---|---|---|---|
| 999 |
_c59808 _d59808 |
||
| 003 | Ge_BSU | ||
| 005 | 20230421140234.0 | ||
| 008 | 230421s2021 ge ||||| |||| 00| 0 geo d | ||
| 020 | _a9789941828485 | ||
| 041 | _ageo | ||
| 080 | _a005.4(075.8) კ-81 | ||
| 100 |
_aკრაჩევსკი, ლი ჯ. _917718 |
||
| 245 |
_aოპერაციების მენეჯმენტი = Operations Management : _b პროცესებისა და მიწოდების ქსელი / _c ლი ჯ. კრაჩევსკი, მანოჯ კ. მალჰოტრა, ლარი პ. რიტზმანი ; თარგმანზე მუშაობდნენ: გელა გრიგოლაშვილი, გიორგი ღაღანიძე, მიხეილ თოქმაზიშვილი [და სხვა] ; წინათქმა შალვა მაჭავარიანი ; აღმოსავლეთ ევროპის უნივერსიტეტი, საქართველოს საზოგადოებრივ საქმეთა ინსტიტუტი. |
||
| 250 | _aმე-12 გამოცემა. | ||
| 264 |
_aთბილისი : _bსაგა, _c2021. |
||
| 300 |
_a693 გვ. : _bილ., ცხრ. ; _c30 სმ. |
||
| 501 | _aსაძიებელი: გვ. 691-693. | ||
| 653 | _aმენეჯმენტი | ||
| 700 |
_aმალჰოტრა, მანოჯ კ. _eავტორი _917719 |
||
| 700 |
_aრიტზმანი, ლარი პ. _eავტორი _917720 |
||
| 700 |
_aგრიგოლაშვილი, გელა _eმთარგმნელი _917721 |
||
| 700 |
_aღაღანიძე, გიორგი _eმთარგმნელი _917722 |
||
| 700 |
_aთოქმაზიშვილი, მიხეილ და სხვა _eმთარგმნელი _917723 |
||
| 942 |
_2udc _cBK |
||